Josep Uclés (Record no. 16274)

MARC details
000 - LÍDER
campo de control de longitud fija 00806nam a2200205Ia 4500
008 - ELEMENTOS DE DATOS DE LONGITUD FIJA - INFORMACIÓN GENERAL
campo de control de longitud fija 0000001983 fr a 0000000000fre00
090 ## - NÚMERO DE LLAMADA DE TIPO LC LOCALMENTE ASIGNADO (OCLC)
Número de clasificación (OCLC) (R) PSP00 U14j
100 1# - ENTRADA PRINCIPAL - NOMBRE PERSONAL
Nombre de la persona Uclés, Josep
Fechas asociadas a un nombre 1952
245 10 - TÍTULO DECLARACIÓN
Título Josep Uclés
Declaración de responsabilidad / text Josep Uclés ; traduction P. Gifreu ; photo Ramón Calvet
260 ## - PUBLICACIÓN, DISTRIBUCIÓN
Lugar de publicación Cannes : Galerie Joachim Becker
Fecha de publicación 1983
300 ## - DESCRIPCIÓN FÍSICA
Alcance [26] p.
Dimensiones / 25 cm.
500 ## - NOTA GENERAL
Nota general Exposición realizada en Galerie Joachim Becker de Cannes, Francia en diciembre de 1983 \ Incluye datos biográficos y cronología artística \ Texto en francés
600 00 - ENTRADA DE SUJETO AÑADIDO - NOMBRE PERSONAL
Nombre de la persona UCLES, JOSEP, 1952/
Subdivisión general TRABAJOS PICTORICOS
650 14 - ENTRADA DE SUJETO AÑADIDO - TÉRMINO TÓPICO
Término tópico o elemento de entrada del nombre geográfico PINTURA ESPAÑOLA
650 14 - ENTRADA DE SUJETO AÑADIDO - TÉRMINO TÓPICO
Subdivisión general CATALOGOS
650 14 - ENTRADA DE SUJETO AÑADIDO - TÉRMINO TÓPICO
Término tópico o elemento de entrada del nombre geográfico DIBUJOS ESPAÑOLES
650 14 - ENTRADA DE SUJETO AÑADIDO - TÉRMINO TÓPICO
Subdivisión general EXPOSICIONES
650 14 - ENTRADA DE SUJETO AÑADIDO - TÉRMINO TÓPICO
Término tópico o elemento de entrada del nombre geográfico PINTORES ESPAÑOLES
650 14 - ENTRADA DE SUJETO AÑADIDO - TÉRMINO TÓPICO
Término tópico o elemento de entrada del nombre geográfico PINTURA CATALANA
Holdings
Estado de retirada Pérdida de estatus Estado dañado No para préstamo Código de recogida Ubicación permanente Ubicación actual Ubicación de las estanterías Fecha de adquisición Número de llamada completo Código de barras Fecha de la última vez que se vio Número de copia Precio efectivo desde Tipo de artículo Koha
        General ArtNexus ArtNexus General 06/09/2022 P-SP-00 U14J 16959 06/09/2022 Ej.1 06/09/2022 Libro

Powered by Koha